| 000 | 00451cam a2200169ua 4500 | ||
|---|---|---|---|
| 020 | _c3.00 | ||
| 041 |
_amal _h |
||
| 082 |
_a335.43 _bLEN/DH |
||
| 100 | _aLenin, V I . | ||
| 245 |
_aDeseeya nayahtinteyum thozhilali varga sarva desseyathvatihnteyum prasnangal / _cV I Lenin. _hTextual Documents |
||
| 260 |
_aThrissur : _bCurrent Books , _c1965. |
||
| 300 | _a261 ; . | ||
| 365 | _a3.00 | ||
| 504 | _a | ||
| 942 | _cBK | ||
| 999 |
_c6127 _d6127 |
||